"Here's the question," resolved: (Record no. 37981)

MARC details
000 -LEADER
fixed length control field 00788cam a22002291 4500
001 - CONTROL NUMBER
control field med47000149
003 - CONTROL NUMBER IDENTIFIER
control field DLC
005 - DATE AND TIME OF LATEST TRANSACTION
control field 20260227111558.0
008 - FIXED-LENGTH DATA ELEMENTS--GENERAL INFORMATION
fixed length control field 810815s1946 xx 000 0 eng
010 ## - LIBRARY OF CONGRESS CONTROL NUMBER
LC control number med47000149
035 ## - SYSTEM CONTROL NUMBER
System control number (OCoLC)14725323
040 ## - CATALOGING SOURCE
Original cataloging agency DLC
Transcribing agency DNLM
Modifying agency DLC
042 ## - AUTHENTICATION CODE
Authentication code premarc
050 00 - LIBRARY OF CONGRESS CALL NUMBER
Classification number PN4181
Item number .H25 vol. 1
060 0# - NATIONAL LIBRARY OF MEDICINE CALL NUMBER
Classification number W 275
Item number AA1 M68h 1946
100 1# - MAIN ENTRY--PERSONAL NAME
Personal name Mitchell, Harland B.,
Dates associated with a name 1907-
245 10 - TITLE STATEMENT
Title "Here's the question," resolved:
Remainder of title That the federal government should provide a system of complete medical care available to all citizens at public expense.
Statement of responsibility, etc. By H. B. Mitchell and Keith D. Marshall ...
260 ## - PUBLICATION, DISTRIBUTION, ETC.
Place of publication, distribution, etc. Seminole, Okl.,
Date of publication, distribution, etc. c1946.
300 ## - PHYSICAL DESCRIPTION
Extent 113 p.
440 #0 - SERIES STATEMENT/ADDED ENTRY--TITLE
Title "A handbook for debaters,"
Volume/sequential designation v. 1
700 1# - ADDED ENTRY--PERSONAL NAME
Personal name Marshall, Keith Dayton,
Dates associated with a name 1920-

No items available.

Powered by Koha